000 00553nam a22002052a 4500
001 20609
003 BD-RjUL
005 20211209000604.0
008 140301t1960 1959onc 000 1 eng d
035 _a(BD-RjUL)20671
040 _aNLC
_beng
_cBD-RjUL
_dEQO
041 _aeng
082 _a813.54
_220
_bMAW 1960
100 1 _aMacLennan, Hugh,
_d1907-1990
_963594
245 1 4 _aThe watch that ends the night /
_cby Hugh MacLennan
260 _aToronto :
_bMacmillan,
_c c1960.
300 _a373 p. :
_c22 cm
942 _2ddc
_cBK
999 _c20609
_d20609